<?xml version="1.0" encoding="UTF-8"?>
<collection xmlns="http://www.loc.gov/MARC21/slim">
 <record>
  <leader>02382nam a2200301 a 4500</leader>
  <controlfield tag="001">1/55494</controlfield>
  <controlfield tag="008">221202s2022    gr ab    b    001 | gre d</controlfield>
  <datafield tag="020" ind1=" " ind2=" ">
   <subfield code="a">9789604189120 </subfield>
  </datafield>
  <datafield tag="040" ind1=" " ind2=" ">
   <subfield code="a">GR-PeUP</subfield>
  </datafield>
  <datafield tag="082" ind1="0" ind2="0">
   <subfield code="a">808.02 ΛΙΑ</subfield>
  </datafield>
  <datafield tag="100" ind1="1" ind2=" ">
   <subfield code="a">Λιαργκόβας, Παναγιώτης Γ.,</subfield>
   <subfield code="d">1963-</subfield>
  </datafield>
  <datafield tag="245" ind1="0" ind2="0">
   <subfield code="a">Μεθοδολογία της έρευνας &amp; συγγραφή επιστημονικών εργασιών /</subfield>
   <subfield code="c">Παναγιώτης Λιαργκόβας, Ζαχαρίας Δερμάτης, Δημήτριος Κομνηνός.</subfield>
  </datafield>
  <datafield tag="250" ind1=" " ind2=" ">
   <subfield code="a">2η έκδ.</subfield>
  </datafield>
  <datafield tag="260" ind1=" " ind2=" ">
   <subfield code="a">Θεσσαλονίκη : </subfield>
   <subfield code="b">Τζιόλας, </subfield>
   <subfield code="c">2022.</subfield>
  </datafield>
  <datafield tag="300" ind1=" " ind2=" ">
   <subfield code="a">xx, 530 σ. : </subfield>
   <subfield code="b">εικ. ; </subfield>
   <subfield code="c">25 εκ.</subfield>
  </datafield>
  <datafield tag="500" ind1=" " ind2=" ">
   <subfield code="a">Περιεχόμενα: Πρόλογος -- Εισαγωγή -- Κεφάλαιο 1. Εισαγωγή στην έρευνα -- Κεφάλαιο 2. Θέματα ηθικής και δεοντολογίας της έρευνας -- Κεφάλαιο 3. Το ερευνητικό πρόβλημα -- Κεφάλαιο 4. Βιβλιογραφική ανασκόπηση -- Κεφάλαιο 5. Ερευνητικά εργαλεία συλλογής δεδομένων -- Κεφάλαιο 6. Πληθυσμός-δείγμα έρευνας -- Κεφάλαιο 7. Ερευνητικά εργαλεία ανάλυσης δεδομένων -- Κεφάλαιο 8. Τεχνικές παρουσίασης ακαδημαϊκών εργασιών -- Κεφάλαιο 9. Μεθοδολογία εισαγωγής παραπομπών - βιβλιογραφικών αναφορών -- Βιβλιογραφία -- Γλωσσάρι -- Ευρετήριο.</subfield>
  </datafield>
  <datafield tag="504" ind1=" " ind2=" ">
   <subfield code="a">Περιλαμβάνει βιβλιογραφία (σ. 491-514), γλωσσάρι και ευρετήριο.</subfield>
  </datafield>
  <datafield tag="650" ind1=" " ind2="0">
   <subfield code="a">Report writting.</subfield>
  </datafield>
  <datafield tag="650" ind1=" " ind2="0">
   <subfield code="a">Research</subfield>
   <subfield code="x">Methodology.</subfield>
  </datafield>
  <datafield tag="650" ind1=" " ind2="0">
   <subfield code="a">Academic writting.</subfield>
  </datafield>
  <datafield tag="650" ind1=" " ind2="4">
   <subfield code="a">Ακαδημαϊκή συγγραφή.</subfield>
  </datafield>
  <datafield tag="650" ind1=" " ind2="4">
   <subfield code="a">Συγγραφή επιστημονικής αναφοράς.</subfield>
  </datafield>
  <datafield tag="650" ind1=" " ind2="4">
   <subfield code="a">Έρευνα</subfield>
   <subfield code="x">Μεθοδολογία.</subfield>
  </datafield>
  <datafield tag="700" ind1="1" ind2=" ">
   <subfield code="a">Δερμάτης, Ζαχαρίας Α.</subfield>
  </datafield>
  <datafield tag="700" ind1="1" ind2=" ">
   <subfield code="a">Κομνηνός, Δημήτριος.</subfield>
  </datafield>
  <datafield tag="852" ind1=" " ind2=" ">
   <subfield code="a">INST</subfield>
   <subfield code="b">UNIPILB</subfield>
   <subfield code="c">MAIN</subfield>
   <subfield code="e">20221202</subfield>
   <subfield code="h">808.02 ΛΙΑ</subfield>
   <subfield code="p">00188125</subfield>
   <subfield code="q">00188125</subfield>
   <subfield code="t">MAIN</subfield>
   <subfield code="y">0</subfield>
   <subfield code="4">1</subfield>
  </datafield>
  <datafield tag="852" ind1=" " ind2=" ">
   <subfield code="a">INST</subfield>
   <subfield code="b">UNIPILB</subfield>
   <subfield code="c">MAIN</subfield>
   <subfield code="e">20221202</subfield>
   <subfield code="h">808.02 ΛΙΑ</subfield>
   <subfield code="p">00188126</subfield>
   <subfield code="q">00188126</subfield>
   <subfield code="t">MAIN</subfield>
   <subfield code="y">4</subfield>
   <subfield code="x">20230505</subfield>
   <subfield code="4">2</subfield>
  </datafield>
  <datafield tag="960" ind1=" " ind2=" ">
   <subfield code="a">ΑΛΜΠΑΝΗ ΤΑΝΙΑ</subfield>
  </datafield>
 </record>
</collection>
